Statistics for Highest Rated Anime Series on MAL

Click here to take the quiz!

General Stats

  • This quiz has been taken 12 times
  • The average score is 156 of 500

Answer Stats

Rank (Rating)YearAnimeFormat% Correct
278 (8.26)2007-2017Naruto: ShippuudenTV (500 eps)
100%
134 (8.48)2022Road of NarutoONA (1 ep)
100%
208 (8.35)2011K-ON! The MovieMovie
89%
107 (8.54)2013Attack on TitanTV (25 eps)
78%
164 (8.41)2014-2015Attack on Titan: No RegretsOVA (2 eps)
78%
121 (8.51)2017Attack on Titan Season 2TV (12 eps)
78%
78 (8.62)2018Attack on Titan Season 3TV (12 eps)
78%
6 (9.05)2019Attack on Titan Season 3 Part 2TV (10 eps)
78%
33 (8.80)2020-2021Attack on Titan: The Final SeasonTV (16 eps)
78%
39 (8.77)2022Attack on Titan: The Final Season Part 2TV (12 eps)
78%
7 (9.05)2023Attack on Titan: The Final Season - The Final ChaptersSpecial (2 eps)
78%
74 (8.62)2006-2007Death NoteTV (37 eps)
78%
451 (8.11)2003-2004Fullmetal AlchemistTV (51 eps)
78%
1 (9.10)2009-2010Fullmetal Alchemist: BrotherhoodTV (64 eps)
78%
67 (8.64)2020-2021Jujutsu KaisenTV (24 eps)
78%
138 (8.47)2021Jujutsu Kaisen 0Movie
78%
55 (8.69)1999-One PieceTV (ongoing)
78%
358 (8.19)2013One Piece: Episode of Merry - The Tale of One More FriendSpecial (1 ep)
78%
437 (8.12)2012One Piece: Episode of Nami - Tears of a Navigator and the Bonds of FriendsSpecial (1 ep)
78%
483 (8.08)2009One Piece Film: Strong WorldMovie
78%
415 (8.14)2012One Piece Film ZMovie
78%
321 (8.22)2019One Piece: StampedeMovie
78%
16 (8.94)2016A Silent VoiceMovie
67%
95 (8.56)1997-1998BerserkTV (25 eps)
67%
341 (8.20)2013Berserk: The Golden Age Arc III - The AdventMovie
67%
3 (9.06)2022Bleach: Thousand Year Blood WarTV (13 eps)
67%
50 (8.70)2006-2007Code Geass: Lelouch of the RebellionTV (25 eps)
67%
20 (8.91)2008Code Geass: Lelouch of the Rebellion R2TV (25 eps)
67%
396 (8.16)2018Dragon Ball Super: BrolyMovie
67%
397 (8.16)1989-1996Dragon Ball ZTV (291 eps)
67%
325 (8.22)2019Fruits Basket 1st SeasonTV (25 eps)
67%
101 (8.55)2020Fruits Basket 2nd SeasonTV (25 eps)
67%
144 (8.45)2022Fruits Basket: PreludeMovie
67%
13 (9.00)2021Fruits Basket: The FinalTV (13 eps)
67%
14 (8.98)2017Gintama.TV (12 eps)
67%
8 (9.04)2011-2012Gintama'TV (51 eps)
67%
15 (8.94)2006-2010GintamaTV (201 eps)
67%
4 (9.06)2015-2016Gintama°TV (51 eps)
67%
497 (8.07)2010Gintama: Dai HanseikaiSpecial (1 ep)
67%
11 (9.03)2012-2013Gintama': EnchousenTV (13 eps)
67%
491 (8.08)2005Gintama: Jump Festa 2005 SpecialSpecial (1 ep)
67%
206 (8.35)2008Gintama: Jump Festa 2008 SpecialSpecial (1 ep)
67%
434 (8.12)2015Gintama': Jump Festa 2014 SpecialSpecial (1 ep)
67%
452 (8.11)2015Gintama°: Jump Festa 2015 SpecialSpecial (1 ep)
67%
171 (8.40)2016Gintama°: Love Incense ArcOVA (2 eps)
67%
258 (8.29)2010Gintama: Shinyaku Benizakura-henSpecial (1 ep)
67%
31 (8.81)2018Gintama.: Silver Soul ArcTV (12 eps)
67%
24 (8.88)2018Gintama.: Silver Soul Arc - Second Half WarTV (14 eps)
67%
118 (8.52)2017Gintama.: Slip ArcTV (13 eps)
67%
9 (9.04)2021Gintama: The FinalMovie
67%
117 (8.52)2010Gintama: The MovieMovie
67%
21 (8.91)2013Gintama: The Movie: The Final Chapter: Be Forever YorozuyaMovie
67%
137 (8.47)2021Gintama: The Semi-FinalSpecial (2 eps)
67%
152 (8.43)2012Gintama: Yorinuki Gintama-san on Theater 2DSpecials (2 eps)
67%
150 (8.44)2014Haikyuu!!TV (25 eps)
67%
37 (8.78)2016Haikyuu!! 3rd SeasonTV (10 eps)
67%
72 (8.63)2015-2016Haikyuu!! Second SeasonTV (25 eps)
67%
343 (8.20)2017Haikyuu!! The Movie: Battle of ConceptsMovie
67%
421 (8.14)2017Haikyuu!! The Movie: Talent and SenseMovie
67%
200 (8.36)2020Haikyuu!! To The TopTV (13 eps)
67%
109 (8.54)2020Haikyuu!! To the Top Part 2TV (12 eps)
67%
168 (8.41)1999-2001Hunter x HunterTV (62 eps)
67%
10 (9.04)2011-2014Hunter x Hunter (2011)TV (148 eps)
67%
369 (8.18)2003Hunter x Hunter: Greed IslandOVA (8 eps)
67%
293 (8.25)2004Hunter x Hunter: Greed Island FinalOVA (14 eps)
67%
241 (8.31)2002Hunter x Hunter: Original Video AnimationOVA (8 eps)
67%
170 (8.41)2019Kaguya-sama: Love is WarTV (!2 eps)
67%
128 (8.49)2016Mob Psycho 100TV (12 eps)
67%
32 (8.80)2019Mob Psycho 100 IITV (13 eps)
67%
46 (8.72)2022Mob Psycho 100 IIITV (12 eps)
67%
446 (8.11)2017My Hero Academia 2nd SeasonTV (25 eps)
67%
198 (8.36)2022-2023My Hero Academia 6th SeasonTV (25 eps)
67%
36 (8.78)2001Spirited AwayMovie
67%
393 (8.16)1988AkiraMovie
56%
469 (8.09)2015Assassination ClassroomTV (22 eps)
56%
130 (8.49)2016Assassination Classroom 2nd SeasonTV (25 eps)
56%
286 (8.25)2017Black Butler: Book of the AtlanticMovie
56%
416 (8.14)2017-2021Black CloverTV (170 eps)
56%
400 (8.15)2023Black Clover: Sword of the Wizard KingMovie
56%
27 (8.85)2022Bocchi the Rock!TV (12 eps)
56%
86 (8.58)2022Chainsaw ManTV (12 eps)
56%
426 (8.13)2022Classroom of the Elite IITV (13 eps)
56%
41 (8.75)1998-1999Cowboy BebopTV (26 eps)
56%
187 (8.38)2001Cowboy Bebop: The MovieMovie
56%
126 (8.50)2019Demon Slayer: Kimetsu no YaibaTV (26 eps)
56%
34 (8.79)2021-2022Demon Slayer: Kimetsu no Yaiba Entertainment District ArcTV (11 eps)
56%
178 (8.39)2021Demon Slayer: Kimetsu no Yaiba Mugen Train ArcTV (7 eps)
56%
183 (8.38)2023Demon Slayer: Kimetsu no Yaiba Swordsmith Village ArcTV (11 eps)
56%
75 (8.62)2020Demon Slayer: Kimetsu no Yaiba - The Movie: Mugen TrainMovie
56%
240 (8.31)2016ERASEDTV (12 eps)
56%
244 (8.30)2009Evangelion: 2.0 You Can (Not) AdvanceMovie
56%
82 (8.61)2021Evangelion: 3.0+1.0 Thrice Upon a TimeMovie
56%
265 (8.28)2011Fate/ZeroTV (13 eps)
56%
100 (8.55)2012Fate/Zero 2nd SeasonTV (12 eps)
56%
207 (8.35)2006-2012Hellsing UltimateOVA (10 eps)
56%
125 (8.50)2016JoJo's Bizarre Adventure: Diamond is UnbreakableTV (39 eps)
56%
87 (8.58)2018-2019JoJo's Bizarre Adventure: Golden WindTV (39 eps)
56%
151 (8.44)2015JoJo's Bizarre Adventure: Stardust Crusaders 2nd SeasonTV (24 eps)
56%
370 (8.18)2021JoJo's Bizarre Adventure: Stone OceanONA (12 eps)
56%
454 (8.11)2022JoJo's Bizarre Adventure: Stone Ocean Part 2ONA (12 eps)
56%
73 (8.63)2022JoJo's Bizarre Adventure: Stone Ocean Part 3ONA (14 eps)
56%
228 (8.32)2013-2014Kingdom 2nd SeasonTV (39 eps)
56%
30 (8.81)2020-2021Kingdom 3rd SeasonTV (26 eps)
56%
42 (8.75)2022Kingdom 4th SeasonTV (26 eps)
56%
385 (8.17)2010K-ON!!TV (26 eps)
56%
60 (8.66)2017Made in AbyssTV (13 eps)
56%
71 (8.63)2020Made in Abyss: Dawn of the Deep SoulMovie
56%
389 (8.16)2019Made in Abyss: Journey's DawnMovie
56%
61 (8.66)2022Made in Abyss: The Golden City of the Scorching SunTV (12 eps)
56%
192 (8.37)2019Made in Abyss: Wandering TwilightMovie
56%
194 (8.37)2021Mushoku Tensei: Jobless ReincarnationTV (11 eps)
56%
52 (8.70)2021Mushoku Tensei: Jobless Reincarnation Part 2TV (12 eps)
56%
204 (8.35)1995-1996Neon Genesis EvangelionTV (26 eps)
56%
98 (8.55)1997Neon Genesis Evangelion: The End of EvangelionMovie
56%
19 (8.91)2023"Oshi no Ko"TV (11 eps)
56%
307 (8.23)2016Re:ZERO -Starting Life in Another World-TV (25 eps)
56%
212 (8.34)2020Re:ZERO - Starting Life in Another World Season 2TV (13 eps)
56%
149 (8.44)2021Re:ZERO -Starting Life in Another World- Season 2 Part 2TV (12 eps)
56%
108 (8.54)1993-1996Slam DunkTV (101 eps)
56%
79 (8.61)2022Spy x FamilyTV (12 eps)
56%
238 (8.31)2022Spy x Family Part 2TV (13 eps)
56%
2 (9.07)2011Steins;GateTV (24 eps)
56%
113 (8.53)2018Steins;Gate 0TV (23 eps)
56%
252 (8.29)2012Steins;Gate: Egoistic PoriomaniaSpecial (1 eps)
56%
289 (8.25)2015Steins;Gate: Open the Missing Link - Divide By ZeroSpecial (1 ep)
56%
148 (8.45)2013Steins;Gate: The Movie - Load Region of Déjà VuMovie
56%
69 (8.64)2022The First Slam DunkMovie
56%
43 (8.74)2019Vinland SagaTV (24 eps)
56%
29 (8.84)2023Vinland Saga Season 2TV (24 eps)
56%
260 (8.29)2019Weathering with YouMovie
56%
28 (8.85)2016Your NameMovie
56%
141 (8.46)1992-1995Yu Yu Hakusho: Ghost FilesTV (112 eps)
56%
221 (8.33)2009-2010BakemonogatariTV (15 eps)
44%
362 (8.19)2016Bungou Stray Dogs 2nd SeasonTV (12 eps)
44%
324 (8.22)2019Bungou Stray Dogs 3rd SeasonTV (12 eps)
44%
143 (8.45)2023Bungou Stray Dogs 4th SeasonTV (13 eps)
44%
18 (8.93)2008-2009Clannad: After StoryTV (24 eps)
44%
401 (8.15)2015Death ParadeTV (12 eps)
44%
379 (8.17)1996-Detective ConanTV (ongoing)
44%
295 (8.24)2016Detective Conan: Episode One - The Great Detective Turned SmallSpecial (1 ep)
44%
432 (8.12)2001Detective Conan Movie 05: Countdown to HeavenMovie
44%
255 (8.29)2002Detective Conan Movie 06: The Phantom of Baker StreetMovie
44%
327 (8.21)2009Detective Conan Movie 13: The Raven ChaserMovie
44%
448 (8.11)2010Detective Conan Movie 14: The Lost Ship in the SkyMovie
44%
380 (8.17)2016Detective Conan Movie 20: The Darkest NightmareMovie
44%
296 (8.24)2019DororoTV (24 eps)
44%
257 (8.29)2019Dr. StoneTV (24 eps)
44%
366 (8.18)2023Dr. Stone: New WorldTV (11 eps)
44%
297 (8.24)2022Dr. Stone: RyuusuiSpecial (1 ep)
44%
382 (8.17)2021Dr. Stone: Stone WarsTV (11 eps)
44%
57 (8.68)2020Fate/stay night: Heaven's Feel - III. Spring SongMovie
44%
124 (8.50)2019Fate/stay night: Heaven's Feel - II. Lost ButterflyMovie
44%
383 (8.17)2017Fate/stay night: Heaven's Feel - I. Presage FlowerMovie
44%
363 (8.19)2014Fate/stay night: Unlimited Blade WorksTV (12 eps)
44%
224 (8.32)2005Fate/stay night: Unlimited Blade Works 2nd SeasonTV (13 eps)
44%
225 (8.32)2023Fate/strange Fake: Whispers of DawnSpecial (1 ep)
44%
70 (8.63)2007Gurren LagannTV (27 eps)
44%
387 (8.16)2008Gurren Lagann The Movie: Childhood's EndMovie
44%
93 (8.57)2009Gurren Lagann The Movie: The Lights in the Sky are StarsMovie
44%
40 (8.76)2000-2002Hajime no IppoTV (75 eps)
44%
283 (8.26)2003Hajime no Ippo: Champion RoadSpecial (1 ep)
44%
311 (8.23)2003Hajime no Ippo: Mashiba vs. KimuraOVA (1 ep)
44%
63 (8.66)2009Hajime no Ippo: New ChallengerTV (26 eps)
44%
85 (8.59)2013-2014Hajime no Ippo: RisingTV (25 eps)
44%
472 (8.09)2003Hajime no Ippo SpecialSpecial (1 ep)
44%
346 (8.20)2023Hell's ParadiseTV (13 eps)
44%
64 (8.66)2004Howl's Moving CastleMovie
44%
345 (8.20)2009-2010InuYasha: The Final ActTV (26 eps)
44%
89 (8.57)2016Kizumonogatari II: Hot-BloodedMovie
44%
35 (8.79)2017Kizumonogatari III: Cold-BloodedMovie
44%
191 (8.37)2016Kizumonogatari I: Iron-BloodedMovie
44%
316 (8.22)2013-2014Kuroko's Basketball 2nd SeasonTV (25 eps)
44%
248 (8.30)2015Kuroko's Basketball 3rd SeasonTV (25 eps)
44%
461 (8.10)2015Kuroko’s Basketball: It is the Best PresentSpecial (1 ep)
44%
481 (8.08)2017Kuroko's Basketball the Movie: Last GameMovie
44%
284 (8.26)1986Laputa: Castle in the SkyMovie
44%
447 (8.11)2018Love, Chunibyo & Other Delusions!: Take On MeMovie
44%
317 (8.22)2013-2014Magi: The Kingdom of MagicTV (25 eps)
44%
38 (8.77)2013Monogatari Series: Second SeasonTV (26 eps)
44%
156 (8.43)2007MononokeTV (12 eps)
44%
25 (8.87)2004-2005MonsterTV (74 eps)
44%
62 (8.66)2005-2006Mushi-shiTV (26 eps)
44%
51 (8.70)2014Mushi-shi Next PassageTV (10 eps)
44%
84 (8.59)2015Mushi-shi Next Passage: Bell DropletsMovie
44%
44 (8.73)2014Mushi-shi Next Passage Part 2TV (10 eps)
44%
157 (8.43)2014Mushi-shi Next Passage: Path of ThornsSpecial (1 ep)
44%
103 (8.54)2014Mushi-shi:The Shadow that Devours the SunSpecial (1 eps)
44%
412 (8.14)2012NisemonogatariTV (11 eps)
44%
390 (8.16)2015Noragami AragotoTV (13 eps)
44%
127 (8.50)2015One Punch ManTV (12 eps)
44%
476 (8.09)2022Overlord IVTV (13 eps)
44%
147 (8.45)2015OwarimonogatariTV (12 eps)
44%
23 (8.88)2017Owarimonogatari 2nd SeasonTV (7 eps)
44%
59 (8.67)1997Princess MononokeMovie
44%
211 (8.34)2012-2013Psycho-PassTV (22 eps)
44%
425 (8.14)2018-2019That Time I Got Reincarnated as a SlimeTV (24 eps)
44%
181 (8.39)2021That Time I Got Reincarnated as a Slime Season 2TV (12 eps)
44%
217 (8.33)2021That Time I Got Reincarnated as a Slime Season 2 Part 2TV (12 eps)
44%
123 (8.51)2019The Promised NeverlandTV (12 eps)
44%
487 (8.08)2008-2009Toradora!TV (25 eps)
44%
199 (8.36)2021To Your EternityTV (20 eps)
44%
313 (8.23)1998TrigunTV (26 eps)
44%
465 (8.09)2014TsukimonogatariTV (4 eps)
44%
58 (8.67)2018Violet EvergardenTV (13 eps)
44%
166 (8.41)2019Violet Evergarden: Eternity and the Auto Memory DollMovie
44%
22 (8.90)2020Violet Evergarden MovieMovie
44%
467 (8.09)2021Violet Evergarden: RecollectionsSpecial (1 ep)
44%
220 (8.33)2018Violet Evergarden: The Day You Understand "I Love You" Will Surely ComeSpecial (1 ep)
44%
142 (8.45)2018Zoku OwarimonogatariMovie / TV (6 eps)
44%
264 (8.28)202186TV (11 eps)
33%
48 (8.71)2021-202286 Part 2TV (12 eps)
33%
132 (8.48)2018Banana FishTV (24 eps)
33%
254 (8.29)2004-2005BeckTV (26 eps)
33%
209 (8.35)2022Blue LockTV (24 eps)
33%
392 (8.16)2015Food Wars! Shokugeki no SomaTV (24 eps)
33%
478 (8.09)2016Food Wars! The Second PlateTV (13 eps)
33%
119 (8.51)1988Grave of the FirefliesMovie
33%
56 (8.69)1999-2000Great Teacher OnizukaTV (43 eps)
33%
344 (8.20)2021HorimiyaTV (13 eps)
33%
226 (8.32)2023-Horimiya: The Missing PiecesTV (ongoing)
33%
96 (8.56)2018I Want to Eat Your PancreasMovie
33%
318 (8.22)1989Kiki's Delivery ServiceMovie
33%
440 (8.11)2016KonoSuba: God's Blessing on This Wonderful World!TV (10 eps)
33%
275 (8.27)2017KonoSuba: God's Blessing on This Wonderful World! 2TV (10 eps)
33%
146 (8.45)2019KonoSuba: God's Blessing on This Wonderful World! - Legend of CrimsonMovie
33%
12 (9.02)1988-1997Legend of the Galactic HeroesOVA (110 eps)
33%
266 (8.28)2022Legend of the Galactic Heroes: Die Neue These - CollisionMovie; TV (12 eps)
33%
299 (8.24)2022Legend of the Galactic Heroes: Die Neue These - IntrigueMovie; TV (12 eps)
33%
403 (8.15)2019Legend of the Galactic Heroes: Die Neue These - Stellar War Part 2Movie; TV (4 eps)
33%
291 (8.25)2019Legend of the Galactic Heroes: Die Neue These - Stellar War Part 3Movie; TV (4 eps)
33%
433 (8.12)1998Legend of the Galactic Heroes GaidenOVA (24 eps)
33%
490 (8.08)1993Legend of the Galactic Heroes: Overture to a New WarMovie
33%
184 (8.38)2016-2017March Comes In Like a LionTV (22 eps)
33%
17 (8.93)2017-2018March Comes In Like a Lion 2nd SeasonTV (22 eps)
33%
309 (8.23)2022My Dress Up DarlingTV (12 eps)
33%
482 (8.08)2014No Game No LifeTV (12 eps)
33%
357 (8.19)2017No Game No Life: ZeroMovie
33%
54 (8.69)2021ODDTAXITV (13 eps)
33%
210 (8.34)2014-2015Parasyte -the maxim-TV (24 eps)
33%
105 (8.54)2021-2022Ranking of KingsTV (23 eps)
33%
261 (8.28)2009RedlineMovie
33%
322 (8.22)2008Spice and WolfTV (13 eps)
33%
231 (8.32)2009Spice and Wolf IITV (12 eps)
33%
165 (8.41)2022SuzumeMovie
33%
496 (8.07)2021The Quintessential Quintuplets 2TV (12 eps)
33%
253 (8.29)1970-1971Tomorrow's JoeTV (79 eps)
33%
49 (8.71)1980-1981Tomorrow's Joe 2TV (47 eps)
33%
320 (8.22)1995Whisper of the HeartMovie
33%
65 (8.65)2014-2015Your Lie in AprilTV (22 eps)
33%
239 (8.31)2011Anohana: The Flower We Saw That DayTV (11 eps)
22%
365 (8.18)2011-2012ChihayafuruTV (25 eps)
22%
186 (8.38)2013Chihayafuru 2TV (25 eps)
22%
136 (8.47)2019-2020Chihayafuru 3TV (24 eps)
22%
81 (8.61)2022Cyberpunk: EdgerunnersONA (10 eps)
22%
381 (8.17)2020Digimon Adventure: Last Evolution KizunaMovie
22%
450 (8.11)2010Durarara!!TV (24 eps)
22%
276 (8.27)1995Ghost in the ShellMovie
22%
160 (8.42)2002-2003Ghost in the Shell: Stand Alone ComplexTV (26 eps)
22%
115 (8.52)2004-2005Ghost in the Shell: Stand Alone Complex 2nd GIGTV (26 eps)
22%
441 (8.11)2006Ghost in the Shell: Stand Alone Complex - Solid State SocietySpecial (1 ep)
22%
500 (8.07)2005Ghost in the Shell: Stand Alone Complex - The Laughing ManSpecial (1 ep)
22%
300 (8.24)2018Golden Kamuy 2nd SeasonTV (12 eps)
22%
145 (8.45)2020Golden Kamuy 3rd SeasonTV (12 eps)
22%
420 (8.14)2022-2023Golden Kamuy 4th SeasonTV (13 eps)
22%
153 (8.43)2018Grand BlueTV (12 eps)
22%
302 (8.24)2023Heavenly DelusionTV (13 eps)
22%
473 (8.09)2012-2013Initial D Fifth StageTV (14 eps)
22%
267 (8.28)2014Initial D Final StageTV (4 eps)
22%
223 (8.33)1998Initial D First StageTV (26 eps)
22%
398 (8.16)2004-2006Initial D Fourth StageTV (24 eps)
22%
399 (8.16)1999-2000Initial D Second StageTV (13 eps)
22%
68 (8.64)2020Kaguya-sama: Love is War?TV (12 eps)
22%
26 (8.86)2022Kaguya-sama: Love is War - The First Kiss That Never EndsMovie
22%
5 (9.05)2022Kaguya-sama: Love Is War – Ultra RomanticTV (13 eps)
22%
405 (8.15)2021Kaguya-sama: Love is War - Ultra Romantic "Yu Ishigami Wants to Chat"ONA (1 ep)
22%
499 (8.07)2022Komi Can't Communicate Season 2TV (12 eps)
22%
315 (8.22)2022Kotaro Lives AloneONA (10 eps)
22%
285 (8.25)1988My Neighbour TotoroMovie
22%
203 (8.36)2020My Teen Romantic Comedy SNAFU Climax!TV (12 eps)
22%
332 (8.21)2015My Teen Romantic Comedy SNAFU TOO!TV (13 eps)
22%
104 (8.54)2006-2007NanaTV (47 eps)
22%
83 (8.60)2019Rascal Does Not Dream of a Dreaming GirlMovie
22%
303 (8.24)2018Rascal Does Not Dream of Bunny Girl SenpaiTV (13 eps)
22%
427 (8.13)2006-2010Reborn!TV (203 eps)
22%
337 (8.20)2018ReLIFE: Final ArcSpecial (4 eps)
22%
485 (8.08)1998Serial Experiments LainTV (13 eps)
22%
280 (8.26)2014Space Dandy 2nd SeasonTV (13 eps)
22%
88 (8.58)2012Wolf ChildrenMovie
22%
457 (8.10)2013-2015Ace of DiamondTV (75 eps)
11%
282 (8.26)2019-2020Ace of Diamond Act IITV (52 eps)
11%
243 (8.30)2015-2016Ace of Diamond: Second SeasonTV (51 eps)
11%
386 (8.17)2020A Certain Scientific Railgun TTV (25 eps)
11%
377 (8.17)2006Aria the NaturalTV (26 eps)
11%
131 (8.48)2008Aria the OriginationTV (13 eps)
11%
189 (8.37)2007Baccano!TV (13 eps)
11%
470 (8.09)2008Baccano! SpecialsSpecial (3 eps)
11%
361 (8.19)2010-2011BakumanTV (25 eps)
11%
205 (8.35)2011-2012Bakuman 2nd SeasonTV (25 eps)
11%
110 (8.53)2012-2013Bakuman. 3rd SeasonTV (25 eps)
11%
185 (8.38)2014BarakamonTV (12 eps)
11%
378 (8.17)2006Black Lagoon: The Second BarrageTV (12 eps)
11%
394 (8.16)2023Buddy DaddiesTV (12 eps)
11%
395 (8.16)1998-2000Cardcaptor SakuraTV (70 eps)
11%
326 (8.21)2000Cardcaptor Sakura Movie 2: The Sealed CardMovie
11%
188 (8.38)2009-2010Cross GameTV (50 eps)
11%
294 (8.24)2012Daily Lives of High School BoysTV (12 eps)
11%
45 (8.73)2017Descending Stories: Showa Genroku Rakugo ShinjuTV (12 eps)
11%
417 (8.14)2011Doraemon: Nobita and the Steel Troops - The New AgeMovie
11%
256 (8.29)2016Doukyusei -Classmates-Movie
11%
262 (8.28)2012-2013From the New WorldTV (25 eps)
11%
462 (8.10)1978Future Boy ConanTV (26 eps)
11%
418 (8.14)2004-2005Gankutsuou: The Count of Monte CristoTV (24 eps)
11%
340 (8.20)2017Girls' Last TourTV (12 eps)
11%
222 (8.33)2019givenTV (11 eps)
11%
419 (8.14)2020given MovieMovie
11%
404 (8.15)2021given - on the other handOVA (1 ep)
11%
155 (8.43)2018Grandmaster of Demonic CultivationONA (15 eps)
11%
173 (8.40)2019Grandmaster of Demonic Cultivation Season 2ONA (8 eps)ᶜ
11%
97 (8.55)2021Grandmaster of Demonic Cultivation Season 3ONA (12 eps)ᶜ
11%
310 (8.23)2020Great PretenderTV (23 eps)
11%
190 (8.37)2020-2021Heaven Official's BlessingONA (11 eps)ᶜ
11%
182 (8.38)2021Heaven Official's Blessing SpecialSpecial (1 ep)
11%
301 (8.24)2019-Holo GraffitiONA (ongoing)
11%
423 (8.14)2020IDOLiSH7 Second Beat!TV (15 eps)
11%
328 (8.21)2021IDOLiSH7 Third Beat!TV (13 eps)
11%
314 (8.22)2016In This Corner of the WorldMovie
11%
298 (8.24)2023Is It Wrong to Try to Pick Up Girls in a Dungeon? IV Part 2TV (11 eps)
11%
169 (8.41)2020Josee, the Tiger and the FishMovie
11%
292 (8.25)2011Kaiji: Against All RulesTV (26 eps)
11%
269 (8.27)2007-2008Kaiji: Ultimate SurvivorTV (26 eps)
11%
459 (8.10)2012Kamisama KissTV (13 eps)
11%
180 (8.39)2015-2016Kamisama Kiss: Kako-HenOVA (4 eps)
11%
406 (8.15)2016Kamisama Kiss: Kamisama, Shiawase ni NaruOVA (1 ep)
11%
329 (8.21)2015Kamisama Kiss Season 2TV (12 eps)
11%
237 (8.31)2012Kids on the SlopeTV (12 eps)
11%
159 (8.42)2019Kono Oto Tomare!: Sounds of Life Season 2TV (13 eps)
11%
273 (8.27)2018Laid-Back CampTV (12 eps)
11%
111 (8.53)2021Laid-Back Camp Season 2TV (13 eps)
11%
140 (8.46)2022Laid-Back Camp: The MovieMovie
11%
47 (8.72)2021Link ClickONA (11 eps)ᶜ
11%
428 (8.13)2018Lupin III: Part 5TV (24 eps)
11%
409 (8.15)1979Lupin III: The Castle of CagliostroMovie
11%
335 (8.20)2022Lycoris RecoilTV (13 eps)
11%
354 (8.19)1986-1988Maison IkkokuTV (96 eps)
11%
410 (8.15)2010Major: MessageOVA (1 ep)
11%
319 (8.22)2004-2005Major S1TV (26 eps)
11%
355 (8.19)2005-2006Major S2TV (26 eps)
11%
305 (8.23)2007Major S3TV (26 eps)
11%
356 (8.19)2008Major S4TV (26 eps)
11%
172 (8.40)2009Major S5TV (25 eps)
11%
229 (8.32)2010Major S6TV (25 eps)
11%
250 (8.29)2011-2012Major: World SeriesOVA (2 eps)
11%
175 (8.40)2018Maquia: When the Promised Flower BloomsMovie
11%
336 (8.20)2021Megalobox 2: NomadTV (13 eps)
11%
288 (8.25)2002Millennium ActressMovie
11%
439 (8.11)2007-2008Mobile Suit Gundam 00TV (25 eps)
11%
480 (8.08)2008-2009Mobile Suit Gundam 00: Second SeasonTV (25 eps)
11%
304 (8.23)2006-2017Mobile Suit Gundam: Iron-Blooded Orphans 2nd SeasonTV (25 eps)
11%
213 (8.33)2015-2018Mobile Suit Gundam: The OriginOVA (6 eps)
11%
435 (8.12)2019Mobile Suit Gundam: The Origin - Advent of the Red CometTV (13 eps)
11%
474 (8.09)2023Mobile Suit Gundam: The Witch from Mercury Season 2TV (12 eps)
11%
460 (8.10)2010-2014Mobile Suit Gundam UnicornOVA (7 eps)
11%
330 (8.21)1990-1991MoominTV (78 eps)
11%
235 (8.31)2008Natsume's Book of FriendsTV (13 eps)
11%
214 (8.33)2014Natsume’s Book of Friends: On a Certain Snowy DayOVA (1 ep)
11%
102 (8.55)2009Natsume's Book of Friends Season 2TV (13 eps)
11%
91 (8.57)2011Natsume's Book of Friends Season 3TV (13 eps)
11%
66 (8.64)2012Natsume's Book of Friends Season 4TV (13 eps)
11%
90 (8.57)2016Natsume's Book of Friends Season 5TV (11 eps)
11%
230 (8.32)2017Natsume's Book of Friends Season 5 SpecialsSpecial (2 eps)
11%
76 (8.62)2017Natsume's Book of Friends Season 6TV (11 eps)
11%
174 (8.40)2017Natsume's Book of Friends Season 6 SpecialsSpecial (2 eps)
11%
163 (8.41)2018Natsume's Book of Friends the Movie: Ephemeral BondMovie
11%
411 (8.14)2021Natsume's Book of Friends: The Waking Rock and the Strange VisitorMovie
11%
139 (8.46)2011Nichijou - My Ordinary LifeTV (26 eps)
11%
277 (8.27)2007Nodame CantabileTV (23 eps)
11%
306 (8.23)2010Nodame Cantabile: FinaleTV (11 eps)
11%
413 (8.14)2008Nodame Cantabile: Paris ChapterTV (11 eps)
11%
287 (8.25)2018Non Non Biyori Movie: VacationMovie
11%
195 (8.37)2021Non Non Biyori NonstopTV (12 eps)
11%
414 (8.14)2022Non Non Biyori Nonstop: Our Club Worked HardOVA (1 ep)
11%
372 (8.18)2015Non Non Biyori RepeatTV (12 eps)
11%
391 (8.16)2006Ouran Highschool Host ClubTV (26 eps)
11%
106 (8.54)1998Perfect BlueMovie
11%
77 (8.62)2014Ping Pong the AnimationTV (11 eps)
11%
402 (8.15)2021Pompo: The CinéphileMovie
11%
133 (8.48)2010RainbowTV (26 eps)
11%
216 (8.33)1995Romeo and the Black BrothersTV (33 eps)
11%
251 (8.29)1996-1998Rurouni KenshinTV (94 eps)
11%
53 (8.70)1999Rurouni Kenshin: Trust and BetrayalOVA (4 eps)
11%
371 (8.18)2019Scissor Seven 2ONA (10 eps)ᶜ
11%
202 (8.36)2021Scissor Seven 3ONA (10 eps)ᶜ
11%
92 (8.57)2016Showa Genroku Rakugo ShinjuTV (13 eps)
11%
334 (8.21)2011-2012SKET DanceTV (77 eps)
11%
376 (8.17)2023Skip and LoaferTV (12 eps)
11%
486 (8.08)2008-2009Skip Beat!TV (25 eps)
11%
449 (8.11)2018-2023Soul Land 2nd SeasonONA (237)ᶜ
11%
479 (8.09)2014Stand By Me DoraemonMovie
11%
373 (8.18)2020Stand By Me Doraemon 2Movie
11%
218 (8.33)2012-2013Star Blazers: Space Battleship Yamato 2199OVA (26 eps)
11%
122 (8.51)2022Summer Time RenderingTV (25 eps)
11%
281 (8.26)2007Sword of the StrangerMovie
11%
359 (8.19)2019Symphogear XVTV (13 eps)
11%
468 (8.09)2014Terror in ResonanceTV (11 eps)
11%
234 (8.31)2009The Beast Player ErinTV (50 eps)
11%
290 (8.25)2015The Boy and the BeastMovie
11%
161 (8.42)2016The Disastrous Life of Saiki K.TV (120 eps)
11%
162 (8.42)2018The Disastrous Life of Saiki K. 2TV (24 eps)
11%
338 (8.20)2018The Disastrous Life of Saiki K. Final ArcSpecial (1 ep)
11%
444 (8.11)2019The Disastrous Life of Saiki K.: ReawakenedONA (6 eps)
11%
227 (8.32)2022-2023The Eminence in ShadowTV (20 eps)
11%
219 (8.33)1979-1980The Rose of VersaillesTV (40 eps)
11%
94 (8.57)2010The Tatami GalaxyTV (11 eps)
11%
350 (8.19)2022The Tatami Time Machine BluesONA (6 eps)
11%
438 (8.11)2013The Wind RisesMovie
11%
464 (8.09)2009Tsubasa RESERVoir CHRoNiCLE: Spring Thunder ChronicleOVA (2 eps)
11%
271 (8.27)2007-2008Tsubasa RESERVoir CHRoNiCLE: Tokyo RevelationsOVA (3 eps)
11%
201 (8.36)2011Usagi DropTV (11 eps)
11%
167 (8.41)2021Vivy -Fluorite Eye's Song-TV (13 eps)
11%
331 (8.21)2008xxxHOLiC◆KeiTV (13 eps)
11%
349 (8.19)2010-2011xxxHOLiC RouOVA (2 eps)
11%
374 (8.17)2022Ya Boy Kongming!TV (12 eps)
11%
455 (8.10)2015-2016Yona of the Dawn OVAOVA (3 eps)
11%
323 (8.22)2022AoashiTV (24 eps)
0%
116 (8.52)2018A Place Further Than The UniverseTV (13 eps)
0%
453 (8.11)2020Ascendance of a Bookworm Season 2TV (12 eps)
0%
493 (8.08)2022Ascendance of a Bookworm Season 3TV (10 eps)
0%
360 (8.19)2018Asobi Asobase - workshop of fun -TV (12 eps)
0%
495 (8.08)2019Astra Lost in SpaceTV (12 eps)
0%
408 (8.15)2015Beyond the Boundary: I'll Be Here - FutureMovie
0%
456 (8.10)2008Detroit Metal CityOVA (12 eps)
0%
384 (8.17)2021Girls und Panzer das Finale – Part 3Movie
0%
367 (8.18)2015Girls und Panzer der FilmMovie
0%
498 (8.07)2013Hidamari Sketch: Sae & Hiro GraduationOVA (2 eps)
0%
368 (8.18)2007Higurashi: When They Cry – KaiTV (24 eps)
0%
492 (8.08)2001-2003Hikaru no GoTV (75 eps)
0%
422 (8.14)2018HinamatsuriTV (12 eps)
0%
342 (8.20)2006Honey and Clover IITV (12 eps)
0%
494 (8.08)2012HyoukaTV (22 eps)
0%
246 (8.30)2022-2023IDOLiSH7 Third Beat! Part 2TV (17 eps)
0%
475 (8.09)2023Insomniacs After SchoolTV (13 eps)
0%
259 (8.29)2011Into the Forest of Fireflies' LightMovie
0%
458 (8.10)2014JoJo's Bizarre Adventure: Stardust CrusadersTV (24 eps)
0%
424 (8.14)2008KaibaTV (12 eps)
0%
233 (8.31)2010KatanagariTV (12 eps)
0%
431 (8.13)2020Keep Your Hands Off Eizouken!TV (12 eps)
0%
249 (8.29)2003Kino's JourneyTV (13 eps)
0%
179 (8.39)2017Land of the LustrousTV (12 eps)
0%
352 (8.19)2013Little Busters! ~Refrain~TV (13 eps)
0%
353 (8.19)2018Liz and the Blue BirdMovie
0%
436 (8.12)2012Magical Girl Lyrical Nanoha: The Movie 2nd A'sMovie
0%
247 (8.30)2021Miss Kobayashi's Dragon Maid STV (12 eps)
0%
388 (8.16)2020Moriarty the PatriotTV (11 eps)
0%
274 (8.27)2021Moriarty the Patriot Part 2TV (13 eps)
0%
430 (8.13)2007Moribito - Guardian of the SpiritTV (26 eps)
0%
196 (8.36)1984Nausicaä of the Valley of the WindMovie
0%
215 (8.33)2008-2009One OutsTV (25 eps)
0%
279 (8.26)2003-2004PlanetesTV (26 eps)
0%
442 (8.11)2010Princess JellyfishTV (11 eps)
0%
429 (8.13)2002-2003Princess TutuTV (38 eps)
0%
197 (8.36)2011Puella Magi Madoka MagicaTV (12 eps)
0%
333 (8.21)2012Puella Magi Madoka Magica the Movie Part 1: BeginningsMovie
0%
193 (8.37)2019Puella Magi Madoka Magica the Movie Part 2: EternalMovie
0%
135 (8.47)2013Puella Magi Madoka Magica the Movie: RebellionMovie
0%
232 (8.32)1993Ramayana: The Legend of Prince RamaMovie
0%
339 (8.20)1997Revolutionary Girl UtenaTV (39 eps)
0%
99 (8.55)2021Revue Starlight: The MovieMovie
0%
177 (8.392018-2019Run with the WindTV (23 eps)
0%
158 (8.43)2019Saekano the Movie: FinaleMovie
0%
312 (8.23)2019Saga of Tanya the Evil: The MovieMovie
0%
477 (8.09)2011Saint Seiya: The Lost Canvas 2OVA (13 eps)
0%
120 (8.51)2004-2005Samurai ChamplooTV (26 eps)
0%
308 (8.23)2022Sasaki and MiyanoTV (12 eps)
0%
263 (8.28)2014-2015ShirobakoTV (24 eps)
0%
471 (8.09)2013Silver SpoonTV (11 eps)
0%
268 (8.27)2014Silver Spoon 2nd SeasonTV (11 eps)
0%
245 (8.30)2016Sound! Euphonium 2TV (13 eps)
0%
129 (8.49)2012-2014Space BrothersTV (99 eps)
0%
463 (8.10)2016Tamayura: Sotsugyou Shashin Part 4 - AshitaMovie
0%
154 (8.43)2022Teasing Master Takagi-san 3TV (12 eps)
0%
114 (8.52)2022Teasing Master Takagi-san: The MovieMovie
0%
443 (8.11)2016-2017The Ancient Magus' Bride: Those Awaiting a StarOVA (3 eps)
0%
348 (8.20)2022The Case Study of Vanitas Part 2TV (12 eps)
0%
242 (8.30)2023The Dangers in My HeartTV (12 eps)
0%
80 (8.61)2010The Disappearance of Haruhi SuzumiyaMovie
0%
466 (8.09)2017The Eccentric Family 2TV (12 eps)
0%
112 (8.53)2008The Garden of Sinners Chapter 5: Paradox SpiralMovie
0%
176 (8.39)2009The Garden of Sinners Chapter 7: A Study in Murder - Part 2Movie
0%
445 (8.11)2006The Girl Who Leapt Through TimeMovie
0%
375 (8.17)2018The King's Avatar SpecialsONA (3 eps)ᶜ
0%
351 (8.19)2017The Night is Short, Walk on GirlMovie
0%
484 (8.08)2012-2013The Pet Girl of SakurasouTV (24 eps)
0%
347 (8.20)2013The Tale of the Princess KaguyaMovie
0%
270 (8.27)2003Tokyo GodfathersMovie
0%
489 (8.08)2022-2023To Your Eternity Season 2TV (20 eps)
0%
488 (8.08)2023Tsurune -The Linking Shot-TV (13 eps)
0%
364 (8.18)2017Welcome to the BallroomTV (24 eps)
0%
236 (8.31)2006Welcome to the N.H.K.TV (24 eps)
0%
407 (8.15)2016Working!!! Lord of the TakanashiSpecial (1 ep)
0%
272 (8.27)2021-2022World Trigger 3rd SeasonTV (14 eps)
0%

Score Distribution

Percentile by Number Answered

Percent of People with Each Score

Your Score History

You have not taken this quiz